000 009120000a22002770004500
001 48719
010 _a972-575-081-0
021 _aPT
_b29869/89
090 _a48719
100 _a20030207d2003 k y0pory5003 ba
101 0 _apor
102 _aPT
200 1 _aCimbeline
_fWilliam Shakespeare
_gadapt. Charles Lamb e Mary Lamb
_gilust. Filomena Campos
210 _aLisboa
_cContexto
_d1989
215 _a30 p
_d18 cm
225 2 _aContos de Shakespeare
_v4
304 _aTítulo original: Cymbeline
606 _aLiteratura inglesa
_xConto
675 _a821.111-34"19"
_vBN
_zpor
700 1 _aShakespeare
_bWilliam
_f1564-1616
702 1 _926747
_4010
_aLamb
_bCharles
_f1775-1834
702 _926752
_4010
_aLamb
_bMary
_f1764-1847
702 _927416
_4730
_aLeite
_bJanuário
_f1865-1930
702 _912241
_4440
_aCampos
_bFilomena
942 _cMON
_n0
999 _a48719
_bBibliobase - BEBDPPC
_c2019-01-21